Study of all the 20 new clones in krek rubber plantation company ការសិក្សាលើមូលពូជទាំង២០នៅក្រុរមហ៊ុនចំការកៅក្រែក (Record no. 357)

000 -LEADER
fixed length control field 00525nam a22001457a 4500
003 - CONTROL NUMBER IDENTIFIER
control field OSt
005 - DATE AND TIME OF LATEST TRANSACTION
control field 20150913104143.0
008 - FIXED-LENGTH DATA ELEMENTS--GENERAL INFORMATION
fixed length control field 150913b xxu||||| |||| 00| 0 eng d
040 ## - CATALOGING SOURCE
Transcribing agency RUA
082 ## - DEWEY DECIMAL CLASSIFICATION NUMBER
Classification number AGR PEU 1997 B019 Or.1
100 ## - MAIN ENTRY--PERSONAL NAME
9 (RLIN) 375
Personal name PEUNG, TRIDA.
245 ## - TITLE STATEMENT
Title Study of all the 20 new clones in krek rubber plantation company ការសិក្សាលើមូលពូជទាំង២០នៅក្រុរមហ៊ុនចំការកៅក្រែក
300 ## - PHYSICAL DESCRIPTION
Extent 71p.
Other physical details ill.
Dimensions 29cm.
942 ## - ADDED ENTRY ELEMENTS (KOHA)
Source of classification or shelving scheme
Koha item type AGR
Holdings
Price effective from Date last seen Permanent Location Not for loan Date acquired Source of classification or shelving scheme Koha item type Lost status Withdrawn status Date last checked out Total Checkouts Shelving location Damaged status Barcode Current Location Full call number
2015-09-132015-09-13Library Block B 2015-09-13 AGR    B019 RUA003181Library Block BAGR PEU 1997 B019 Or.1
2015-09-132015-09-13Library Block B 2015-09-13 AGR    B019 RUA003109Library Block BAGR PEU 1997 B019 Or.2
2015-09-132019-11-01Library Block B 2015-09-13 AGR  2019-10-281B019 RUA003392Library Block BAGR PEU 1997 B019 Or.3
2015-09-272015-09-27Library Block B 2015-09-27 AGR      RUA019660Library Block BAGR PEU 1997 B019 Or.4
មជ្ឈមណ្ឌលឯការនៃសាកលវិទ្យាល័យភូមិន្ទកសិកម្មចំការដូង

Powered by Koha